Länder Afrikas nach Fläche (mit Karte) - Statistiken

Allgemein
  • Dieses Quiz wurde 10 mal gespielt
  • Das Durchschnittsergebnis liegt bei 46 aus 54
Antworten auf der Karte
Die Antworten werden auf der Karte rot bzw. grün angezeigt, abhängig davon wie oft sie richtig erraten wurden.
 
Antwortstatistiken
Hint Antwort % Korrekt
1'001'450 km² Ägypten
100%
2'381'740 km² Algerien
100%
1'246'700 km² Angola
100%
2'344'858 km² Demokratische Republik Kongo
100%
1'759'540 km² Libyen
100%
587'041 km² Madagaskar
100%
1'240'192 km² Mali
100%
716'550 km² Marokko
100%
1'267'000 km² Niger
100%
923'768 km² Nigeria
100%
342'000 km² Republik Kongo
100%
1'219'090 km² Südafrika
100%
1'861'484 km² Sudan
100%
1'284'000 km² Tschad
100%
163'610 km² Tunesien
100%
622'984 km² Zentralafrikanische Republik
100%
322'463 km² Elfenbeinküste
90%
117'600 km² Eritrea
90%
238'533 km² Ghana
90%
245'857 km² Guinea
90%
30'355 km² Lesotho
90%
1'030'700 km² Mauretanien
90%
799'380 km² Mosambik
90%
824'292 km² Namibia
90%
196'722 km² Senegal
90%
637'657 km² Somalia
90%
644'329 km² Südsudan
90%
947'300 km² Tansania
90%
56'785 km² Togo
90%
28'051 km² Äquatorialguinea
80%
1'104'300 km² Äthiopien
80%
581'730 km² Botswana
80%
274'200 km² Burkina Faso
80%
23'200 km² Dschibuti
80%
17'364 km² Eswatini
80%
475'440 km² Kamerun
80%
580'367 km² Kenia
80%
111'369 km² Liberia
80%
752'618 km² Sambia
80%
390'757 km² Simbabwe
80%
241'038 km² Uganda
80%
112'622 km² Benin
70%
27'830 km² Burundi
70%
267'667 km² Gabun
70%
11'300 km² Gambia
70%
36'125 km² Guinea-Bissau
70%
4'033 km² Kap Verde
70%
2'235 km² Komoren
70%
118'484 km² Malawi
70%
2'040 km² Mauritius
70%
26'338 km² Ruanda
70%
71'740 km² Sierra Leone
70%
964 km² São Tomé und Príncipe
60%
455 km² Seychellen
60%
Keine übereinstimmenden Quizze gefunden
Verteilung der Resultate
Anzahl Personen mit jedem Resultat
Perzentil nach korrekt beantworteten Fragen
Ihre Resultats-Entwicklung
Sie haben dieses Quiz noch nicht gespielt